Online Catalogue and eLibrary

Puranach charpuk kathaippadalkalil aan penn uravu (Record no. 4039)

MARC details
000 -LEADER
fixed length control field 00391nam a2200145Ia 4500
005 - DATE AND TIME OF LATEST TRANSACTION
control field 20250318043058.0
008 - FIXED-LENGTH DATA ELEMENTS--GENERAL INFORMATION
fixed length control field 240331s9999 xx 000 0 und d
082 ## - DDC Classification
Item Number - Author Mark KES
Class No. 894
100 ## - MAIN ENTRY--PERSONAL NAME
Personal name Kesavan, K
245 #0 - TITLE STATEMENT
Title Puranach charpuk kathaippadalkalil aan penn uravu
260 ## - PUBLICATION, DISTRIBUTION, ETC.
Place of publication, distribution, etc. Thiruchi
Name of publisher, distributor, etc. Puthumai Pathippagam
Date of publication, distribution, etc. 1987
300 ## - PHYSICAL DESCRIPTION
Extent (e.g. Volumes, Pages etc.) 80 p .,
500 ## - GENERAL NOTE
General note Gender Related Story Book
942 ## - Koha item type (Biblio)
Koha item type Books in Stacks (Lending)
Holdings
Lost status Damaged status Collection code Home library Current library Shelving location Date acquired Full call number Accession Number Item type
    Lending WERC Library WERC Library Social Science Cupboard 03/31/2024 894.811 KES 2229 Books in Stacks (Lending)

© WERC Library